[Event "Titled Tuesday intern op 12th Mar Late"]
[Site "Chess.com INT"]
[Date "2024.03.12"]
[Round "1"]
[White "Grunberg, Mihai Lucian"]
[Black "Baskakov, Egor"]
[Result "1/2-1/2"]
[WhiteElo "2400"]
[BlackElo "2215"]
[PlyCount "121"]
[EventDate "2024.03.12"]
[EventType "swiss (blitz)"]
[EventRounds "11"]
[EventCountry "USA"]
[SourceTitle "CB12_2024"]
[SourceDate "2023.10.01"]
[SourceVersion "1"]
[SourceVersionDate "2023.10.01"]
[SourceQuality "1"]

1. Nf3 Nf6 2. c4 e6 3. g3 d5 4. Bg2 Be7 5. 0-0 0-0 6. d4 Ne4 7. Nbd2 f5 8. Ne5 c6 9. Qc2 Bd7 10. Ndf3 Be8 11. b3 g5 12. Nd3 Nd7 13. Nfe5 Nxe5 14. Nxe5 h6 15. e3 Rc8 16. f3 Nf6 17. c5 Nd7 18. f4 Nxe5 19. dxe5 Bh5 20. Bb2 Qe8 21. b4 Rf7 22. a4 Rg7 23. Bd4 Bg4 24. Rab1 a6 25. Qd3 Qh5 26. Rfc1 Be2 27. Qd2 Bc4 28. Bf1 gxf4 29. exf4 Bxf1 30. Rxf1 Qg4 31. Qe3 h5 32. Qf3 Qg6 33. Rb2 Kh7 34. Rg2 Rcg8 35. Kf2 h4 36. Ke2 Qf7 37. Rgg1 Rg4 38. Qd3 Qh5 39. Qf3 Kh6 40. Bf2 R8g6 41. h3 Rxg3 42. Bxg3 hxg3 43. Qxh5+ Kxh5 44. Kf3 Kh4 45. Rb1 a5 46. bxa5 Bxc5 47. Rg2 Rg7 48. a6 bxa6 49. Rb8 Rh7 50. Rxg3 Bd4 51. Re8 c5 52. Rxe6 c4 53. Rf6 c3 54. Rxf5 c2 55. Rfg5 c1Q 56. R5g4+ Kh5 57. Rg5+ Kh6 58. Rg6+ Kh5 59. R6g5+ Kh6 60. Rg6+ Kh5 61. R6g5+ 1/2-1/2

[Event "Titled Tuesday intern op 11th Apr Early"]
[Site "Chess.com INT"]
[Date "2023.04.11"]
[Round "1"]
[White "Grunberg, Mihai Lucian"]
[Black "Rodriguez Santiago, Jaime"]
[Result "0-1"]
[WhiteElo "2401"]
[BlackElo "2026"]
[PlyCount "130"]
[EventDate "2023.04.11"]
[EventType "swiss (blitz)"]
[EventRounds "11"]
[EventCountry "USA"]
[SourceTitle "CBM 213 Extra"]
[Source "ChessBase"]
[SourceDate "2023.05.31"]
[SourceVersion "1"]
[SourceVersionDate "2023.05.31"]
[SourceQuality "1"]

1. d4 Nf6 2. c4 e6 3. Nf3 d5 4. g3 dxc4 5. Qa4+ Bd7 6. Qxc4 c5 7. Bg2 Nc6 8. 0-0 b5 9. Qd3 c4 10. Qd1 Rc8 11. a4 a6 12. axb5 axb5 13. Na3 Bxa3 14. Rxa3 0-0 15. Bf4 b4 16. Ra4 Nd5 17. Bd6 Nce7 18. Ra7 c3 19. bxc3 bxc3 20. Ne5 c2 21. Qd2 Bb5 22. Bc5 Re8 23. Rc1 f6 24. Nd3 Nc6 25. Ra2 Bxd3 26. exd3 Nde7 27. Qe3 Nf5 28. Qe4 Nfxd4 29. Bh3 f5 30. Qe3 Qd5 31. Raxc2 Nxc2 32. Rxc2 Ne5 33. Bg2 Qxd3 34. Qxe5 Qxc2 35. Bd4 Re7 36. h4 Rd8 37. Bf3 Qc8 38. h5 Qd7 39. Bc3 Qd6 40. Qe3 Qd3 41. Qe5 Qd6 42. Qxd6 Rxd6 43. Bb4 Rdd7 44. Bxe7 Rxe7 45. Kg2 Kf7 46. g4 fxg4 47. Bxg4 Kf6 48. Kg3 e5 49. f3 Kg5 50. Kf2 Kf4 51. Bh3 e4 52. fxe4 Rxe4 53. Bg2 Re5 54. Bf3 Ra5 55. Bd1 Ra2+ 56. Ke1 Kg5 57. Bb3 Rh2 58. Bf7 Kf6 59. Be8 Rh4 60. Kf2 Re4 61. Bc6 Re5 62. Bf3 Kg5 63. Kg3 Rf5 64. Be2 Rc5 65. Bd3 Rc3 0-1

[Event "Titled Tuesday intern op 28th Mar Early"]
[Site "Chess.com INT"]
[Date "2023.03.28"]
[Round "4"]
[White "Estremera Panos, Sergio"]
[Black "Grunberg, Mihai Lucian"]
[Result "1-0"]
[WhiteElo "2265"]
[BlackElo "2401"]
[PlyCount "75"]
[EventDate "2023.03.28"]
[EventType "swiss (blitz)"]
[EventRounds "11"]
[EventCountry "USA"]
[SourceTitle "EXT 2024"]
[Source "ChessBase"]
[SourceDate "2023.10.10"]
[SourceVersion "1"]
[SourceVersionDate "2023.10.10"]
[SourceQuality "1"]

1. d4 Nf6 2. c4 g6 3. Nc3 d5 4. cxd5 Nxd5 5. e4 Nxc3 6. bxc3 Bg7 7. Nf3 c5 8. Bb5+ Bd7 9. Bxd7+ Qxd7 10. 0-0 Nc6 11. Be3 0-0 12. d5 Na5 13. Bxc5 Bxc3 14. Rc1 Bg7 15. Bd4 Rfc8 16. Bxg7 Kxg7 17. Qd4+ f6 18. e5 b6 19. d6 Nc6 20. Qd5 exd6 21. exf6+ Kxf6 22. Rfe1 Kg7 23. Ng5 Ne5 24. f4 Nf7 25. Qd4+ Kg8 26. Ne4 Kf8 27. Nf6 Qf5 28. Nxh7+ Kg8 29. Nf6+ Kf8 30. g4 Rxc1 31. gxf5 Rxe1+ 32. Kf2 Re7 33. fxg6 Nh6 34. Qxd6 Rc8 35. Nd5 Nf5 36. Qf6+ Ke8 37. Nxe7 Nxe7 38. g7 1-0

[Event "Titled Tuesday intern op 28th Mar Early"]
[Site "Chess.com INT"]
[Date "2023.03.28"]
[Round "3"]
[White "Grunberg, Mihai Lucian"]
[Black "Skvortsov, Andrei"]
[Result "0-1"]
[WhiteElo "2401"]
[BlackElo "2298"]
[PlyCount "68"]
[EventDate "2023.03.28"]
[EventType "swiss (blitz)"]
[EventRounds "11"]
[EventCountry "USA"]
[SourceTitle "EXT 2024"]
[Source "ChessBase"]
[SourceDate "2023.10.10"]
[SourceVersion "1"]
[SourceVersionDate "2023.10.10"]
[SourceQuality "1"]

1. Nf3 c5 2. c4 Nf6 3. Nc3 d5 4. cxd5 Nxd5 5. d4 Nxc3 6. bxc3 e6 7. e4 cxd4 8. cxd4 Bb4+ 9. Bd2 Bxd2+ 10. Qxd2 0-0 11. Bc4 b6 12. 0-0 Bb7 13. a4 Nc6 14. d5 Na5 15. Ba2 exd5 16. exd5 Qd6 17. Rfd1 Rad8 18. Ng5 Qg6 19. Bb1 f5 20. Ne6 Bxd5 21. Nf4 Qf6 22. Nxd5 Qxa1 23. Ne7+ Kf7 24. Ba2+ Kf6 25. Nd5+ Rxd5 26. Qxd5 Qe5 27. Qd7 Re8 28. Qf7+ Kg5 29. g3 Kh6 30. Rd5 Qe1+ 31. Kg2 Qe4+ 32. f3 Qe2+ 33. Kh3 Qf1+ 34. Kh4 g5# 0-1

[Event "Titled Tuesday intern op 28th Mar Early"]
[Site "Chess.com INT"]
[Date "2023.03.28"]
[Round "1"]
[White "Movahed, Sina"]
[Black "Grunberg, Mihai Lucian"]
[Result "1-0"]
[WhiteElo "2340"]
[BlackElo "2401"]
[PlyCount "57"]
[EventDate "2023.03.28"]
[EventType "swiss (blitz)"]
[EventRounds "11"]
[EventCountry "USA"]
[SourceTitle "EXT 2024"]
[Source "ChessBase"]
[SourceDate "2023.10.10"]
[SourceVersion "1"]
[SourceVersionDate "2023.10.10"]
[SourceQuality "1"]

1. e4 Nf6 2. e5 Nd5 3. d4 d6 4. c4 Nb6 5. f4 dxe5 6. fxe5 c5 7. d5 g6 8. Nc3 Bg7 9. Bf4 0-0 10. Qd2 e6 11. 0-0-0 exd5 12. cxd5 Bg4 13. Be2 Bxe2 14. Qxe2 Re8 15. Nf3 N8d7 16. Rhe1 c4 17. e6 fxe6 18. dxe6 Qf6 19. Bg5 Qf5 20. exd7 Rxe2 21. d8Q+ Rxd8 22. Rxd8+ Kf7 23. Rxe2 Bf6 24. Bxf6 Qxf6 25. Rd4 g5 26. Rde4 h5 27. Re7+ Kf8 28. Re8+ Kf7 29. R2e7+ 1-0

[Event "Titled Tuesday intern op 7th Mar Early"]
[Site "Chess.com INT"]
[Date "2023.03.07"]
[Round "1"]
[White "Grunberg, Mihai Lucian"]
[Black "Kamsky, Gata"]
[Result "0-1"]
[WhiteElo "2401"]
[BlackElo "2663"]
[PlyCount "69"]
[EventDate "2023.03.07"]
[EventType "swiss (blitz)"]
[EventRounds "11"]
[EventCountry "USA"]
[SourceTitle "EXT 2024"]
[Source "ChessBase"]
[SourceDate "2023.10.10"]
[SourceVersion "1"]
[SourceVersionDate "2023.10.10"]
[SourceQuality "1"]

1. Nf3 Nf6 2. c4 g6 3. g3 Bg7 4. Bg2 c6 5. 0-0 0-0 6. d4 d5 7. cxd5 cxd5 8. Ne5 e6 9. Nc3 Nfd7 10. f4 Nc6 11. e3 Ne7 12. b3 f6 13. Nd3 a6 14. a4 b6 15. Ba3 Rf7 16. Qd2 Bb7 17. Rfc1 Bf8 18. a5 b5 19. b4 f5 20. Ne2 Nf6 21. Nc5 Bc8 22. Rc2 Ne4 23. Nxe4 dxe4 24. Nc1 Bb7 25. Nb3 Bd5 26. Nc5 Nc8 27. Rac1 Nd6 28. Bf1 g5 29. Bb2 Rg7 30. Kh1 h5 31. Be2 h4 32. Rg1 hxg3 33. hxg3 gxf4 34. Bf1 fxg3 35. Qg2 0-1

[Event "Titled Tuesday intern op 14th Feb Early"]
[Site "Chess.com INT"]
[Date "2023.02.14"]
[Round "3"]
[White "Hrabinska, Myroslava"]
[Black "Grunberg, Mihai Lucian"]
[Result "0-1"]
[WhiteElo "2210"]
[BlackElo "2401"]
[PlyCount "48"]
[EventDate "2023.02.14"]
[EventType "swiss (blitz)"]
[EventRounds "11"]
[EventCountry "USA"]
[SourceTitle "CBM 212 Extra"]
[Source "ChessBase"]
[SourceDate "2023.03.31"]
[SourceVersion "1"]
[SourceVersionDate "2023.03.31"]
[SourceQuality "1"]

1. e4 c5 2. b4 b6 3. bxc5 bxc5 4. Nc3 Nc6 5. Rb1 g6 6. Nf3 Bg7 7. Bc4 Nf6 8. 0-0 0-0 9. Re1 d6 10. d4 cxd4 11. Nxd4 Bd7 12. Nf3 Rc8 13. Ba6 Rb8 14. Rb3 Qa5 15. Bc4 Rxb3 16. axb3 Qxc3 17. Be3 Ng4 18. Bg5 Nge5 19. Nxe5 Qxe5 20. Bh4 Qd4 21. Qe2 Ne5 22. Bd5 e6 23. Bc4 Nxc4 24. bxc4 Rc8 0-1

[Event "Titled Tuesday intern op 13th Dec Early"]
[Site "Chess.com INT"]
[Date "2022.12.13"]
[Round "1"]
[White "Corrales Jimenez, Fidel"]
[Black "Grunberg, Mihai Lucian"]
[Result "0-1"]
[WhiteElo "2525"]
[BlackElo "2401"]
[PlyCount "92"]
[EventDate "2022.12.13"]
[EventType "swiss (blitz)"]
[EventRounds "11"]
[EventCountry "USA"]
[SourceTitle "EXT 2024"]
[Source "ChessBase"]
[SourceDate "2023.10.10"]
[SourceVersion "1"]
[SourceVersionDate "2023.10.10"]
[SourceQuality "1"]

1. d4 f5 2. Nc3 d5 3. Bf4 Nf6 4. g4 e6 5. gxf5 exf5 6. a3 Bd6 7. Bxd6 Qxd6 8. Nf3 0-0 9. Rg1 Be6 10. Ne5 Nbd7 11. f4 Ne4 12. Qd3 c5 13. e3 cxd4 14. exd4 Rac8 15. Nd1 Nxe5 16. fxe5 Qe7 17. Bg2 Qh4+ 18. Ke2 Qxh2 19. c3 f4 20. Qf3 Ng5 21. Nf2 Nxf3 22. Bxf3 Qh4 23. Rh1 Qe7 24. Rag1 Rcd8 25. Nd3 g6 26. Rh6 Kg7 27. Rgh1 Bg8 28. R6h4 g5 29. Rh5 Rf7 30. Nf2 Kh8 31. Ng4 Rg7 32. Kf2 Rf8 33. Rh6 Qd7 34. Nf6 Rxf6 35. exf6 Rf7 36. Bh5 Qf5 37. Bxf7 Bxf7 38. Re1 Bg6 39. Re7 g4 40. Rxb7 Qxf6 41. Rbxh7+ Kg8 42. Rxa7 g3+ 43. Kg1 f3 44. Rh3 f2+ 45. Kg2 f1Q+ 46. Kxg3 Q6f3+ 0-1

[Event "Titled Tuesday intern op 13th Dec Early"]
[Site "Chess.com INT"]
[Date "2022.12.13"]
[Round "6"]
[White "Ibarra Jerez, Jose Carlos"]
[Black "Grunberg, Mihai Lucian"]
[Result "1-0"]
[WhiteElo "2557"]
[BlackElo "2401"]
[PlyCount "79"]
[EventDate "2022.12.13"]
[EventType "swiss (blitz)"]
[EventRounds "11"]
[EventCountry "USA"]
[SourceTitle "EXT 2024"]
[Source "ChessBase"]
[SourceDate "2023.10.10"]
[SourceVersion "1"]
[SourceVersionDate "2023.10.10"]
[SourceQuality "1"]

1. e4 Nf6 2. e5 Nd5 3. c4 Nb6 4. d4 d6 5. exd6 cxd6 6. Nc3 g6 7. a4 a5 8. c5 dxc5 9. Bb5+ N6d7 10. Bf4 Bg7 11. Nd5 0-0 12. Bc7 Qe8 13. Nb6 Ra6 14. dxc5 Nc6 15. Bxa6 bxa6 16. Nxd7 Bxd7 17. Ne2 Bxb2 18. Rb1 Bf6 19. 0-0 Qc8 20. Bb6 Nb4 21. Bxa5 Nc6 22. Bc3 e5 23. Ng3 Qc7 24. Qd6 Qxd6 25. cxd6 Rd8 26. Ne4 Bg7 27. Rb6 Nd4 28. Bxd4 exd4 29. Rxa6 Be6 30. Rd1 Bc4 31. Rb6 Be5 32. a5 Be2 33. Rd2 d3 34. a6 Kg7 35. a7 Ra8 36. Rb7 Bf4 37. d7 Bxd2 38. Nxd2 Bg4 39. Rb8 Rxa7 40. d8Q 1-0

[Event "Titled Tuesday intern op 13th Dec Early"]
[Site "Chess.com INT"]
[Date "2022.12.13"]
[Round "8"]
[White "Weetik, Vjacheslav"]
[Black "Grunberg, Mihai Lucian"]
[Result "1-0"]
[WhiteElo "2423"]
[BlackElo "2401"]
[PlyCount "121"]
[EventDate "2022.12.13"]
[EventType "swiss (blitz)"]
[EventRounds "11"]
[EventCountry "USA"]
[SourceTitle "EXT 2024"]
[Source "ChessBase"]
[SourceDate "2023.10.10"]
[SourceVersion "1"]
[SourceVersionDate "2023.10.10"]
[SourceQuality "1"]

1. d4 f5 2. g3 Nf6 3. Bg2 g6 4. c3 Bg7 5. Qb3 d5 6. Nh3 c6 7. Nd2 Qb6 8. Nf4 0-0 9. 0-0 e6 10. Nf3 Ne4 11. Nd3 Nd7 12. Bf4 Re8 13. Rfd1 Qxb3 14. axb3 b6 15. b4 Bb7 16. Nfe5 Nxe5 17. Bxe5 Bxe5 18. Nxe5 Nd6 19. Ra2 Nf7 20. Nd3 e5 21. dxe5 Nxe5 22. Nxe5 Rxe5 23. e3 a6 24. b3 b5 25. Rc2 Kf7 26. c4 bxc4 27. bxc4 dxc4 28. Rd7+ Re7 29. Rxb7 Rxb7 30. Bxc6 Raa7 31. Bxb7 Rxb7 32. Rxc4 h6 33. h4 Rb6 34. Kg2 Kf6 35. Kf3 g5 36. hxg5+ hxg5 37. g4 fxg4+ 38. Kxg4 Kg6 39. f3 Kf6 40. e4 Kg6 41. Rc5 Rxb4 42. Rc6+ Kf7 43. Rxa6 Rb5 44. Rd6 Ke7 45. Rd5 Rb1 46. Kxg5 Ke6 47. Kf4 Rf1 48. Ra5 Rh1 49. Ra6+ Ke7 50. Kg4 Kf7 51. f4 Rg1+ 52. Kf5 Rh1 53. Ra7+ Kf8 54. e5 Ke8 55. Ke6 Rh6+ 56. Kd5 Rh1 57. f5 Rh6 58. f6 Rh1 59. Ke6 Kd8 60. Ra8+ Kc7 61. f7 1-0

[Event "Titled Tuesday intern op 22nd Nov Early"]
[Site "Chess.com INT"]
[Date "2022.11.22"]
[Round "2"]
[White "Chuersakul, Sarocha"]
[Black "Grunberg, Mihai Lucian"]
[Result "1/2-1/2"]
[WhiteElo "1849"]
[BlackElo "2401"]
[PlyCount "133"]
[EventDate "2022.11.22"]
[EventType "swiss (blitz)"]
[EventRounds "11"]
[EventCountry "USA"]
[SourceTitle "CBM 211 Extra"]
[Source "ChessBase"]
[SourceDate "2023.01.31"]
[SourceVersion "1"]
[SourceVersionDate "2023.01.31"]
[SourceQuality "1"]

1. d4 f5 2. Bg5 g6 3. h4 Bg7 4. h5 h6 5. Bc1 g5 6. Nc3 Nf6 7. b3 0-0 8. Bb2 d6 9. e3 e5 10. dxe5 dxe5 11. Bc4+ Kh8 12. Nf3 Nc6 13. Nxg5 Qxd1+ 14. Rxd1 hxg5 15. h6 Rd8 16. hxg7+ Kxg7 17. Rxd8 Nxd8 18. Nd5 Nxd5 19. Bxd5 Kf6 20. f4 gxf4 21. exf4 Nf7 22. Bxf7 Kxf7 23. Bxe5 c6 24. Rh8 b6 25. Kd2 Ke6 26. Rh6+ Ke7 27. Rh7+ Ke6 28. Rh8 Bb7 29. Rxa8 Bxa8 30. Ke3 c5 31. Bb8 Kd7 32. g3 Be4 33. c3 Bb1 34. a3 Ba2 35. b4 cxb4 36. axb4 a5 37. bxa5 bxa5 38. Kd2 Kc6 39. Kd3 Kb5 40. Bd6 a4 41. Ba3 Bb1+ 42. Kd4 Ba2 43. Ke5 Bb1 44. Kd4 Ba2 45. Be7 Bb1 46. c4+ Kc6 47. Kc3 Be4 48. Kb4 Bd3 49. c5 Bc2 50. Bf6 Bb3 51. Bb2 Bc2 52. Kc3 Bb3 53. Kd4 Kb5 54. Ba3 Kc6 55. Ke5 Bc2 56. Kf6 Bb1 57. Kg5 Kd5 58. g4 fxg4 59. Kxg4 Ke6 60. Kg5 Be4 61. Bb4 Bd3 62. c6 Be4 63. c7 Kd7 64. f5 Bxf5 65. Kxf5 Kxc7 66. Ke4 a3 67. Bxa3 1/2-1/2

[Event "Titled Tuesday intern op 22nd Nov Early"]
[Site "Chess.com INT"]
[Date "2022.11.22"]
[Round "1"]
[White "Grunberg, Mihai Lucian"]
[Black "Tang, Andrew"]
[Result "0-1"]
[WhiteElo "2401"]
[BlackElo "2539"]
[PlyCount "88"]
[EventDate "2022.11.22"]
[EventType "swiss (blitz)"]
[EventRounds "11"]
[EventCountry "USA"]
[SourceTitle "CBM 211 Extra"]
[Source "ChessBase"]
[SourceDate "2023.01.31"]
[SourceVersion "1"]
[SourceVersionDate "2023.01.31"]
[SourceQuality "1"]

1. Nf3 d5 2. c4 e6 3. g3 Nf6 4. Bg2 Be7 5. 0-0 0-0 6. d4 dxc4 7. Qc2 a6 8. a4 Bd7 9. Ne5 Bc6 10. Nxc6 Nxc6 11. Rd1 Na5 12. Na3 Bxa3 13. Rxa3 c6 14. e4 b5 15. Bd2 Nb3 16. Bb4 Nxd4 17. Qd2 e5 18. Bxf8 Qxf8 19. f4 Qc5 20. Kh1 Ne6 21. Qd6 h5 22. h3 Rd8 23. Qxc5 Rxd1+ 24. Qg1 Rxg1+ 25. Kxg1 exf4 26. axb5 axb5 27. e5 Nd5 28. Ra8+ Kh7 29. Rc8 fxg3 30. Rxc6 Ndf4 31. Be4+ g6 32. Rb6 Nd4 33. Rb7 Kg7 34. h4 Kf8 35. Rd7 Nde2+ 36. Kf1 g5 37. hxg5 h4 38. Bd5 h3 39. Rxf7+ Ke8 40. g6 g2+ 41. Bxg2 hxg2+ 42. Kf2 g1Q+ 43. Kf3 Qg3+ 44. Ke4 Qd3# 0-1

[Event "Titled Tuesday intern op 22nd Nov Early"]
[Site "Chess.com INT"]
[Date "2022.11.22"]
[Round "3"]
[White "Hartikainen, Jarmo"]
[Black "Grunberg, Mihai Lucian"]
[Result "1/2-1/2"]
[WhiteElo "2133"]
[BlackElo "2401"]
[PlyCount "95"]
[EventDate "2022.11.22"]
[EventType "swiss (blitz)"]
[EventRounds "11"]
[EventCountry "USA"]
[SourceTitle "CBM 211 Extra"]
[Source "ChessBase"]
[SourceDate "2023.01.31"]
[SourceVersion "1"]
[SourceVersionDate "2023.01.31"]
[SourceQuality "1"]

1. e4 c5 2. c3 d5 3. exd5 Qxd5 4. d4 Nc6 5. Nf3 Bg4 6. Be2 Nf6 7. c4 Qh5 8. d5 Nd4 9. Nxd4 cxd4 10. Bxg4 Qxg4 11. Qxg4 Nxg4 12. 0-0 Rc8 13. b3 g6 14. Bb2 Bg7 15. Rd1 b5 16. Bxd4 0-0 17. Bxg7 Kxg7 18. Rd4 Ne5 19. Nd2 Rfd8 20. Re1 f6 21. f4 Nc6 22. Rde4 e5 23. Nf3 Nb4 24. fxe5 f5 25. R4e2 bxc4 26. bxc4 Rxc4 27. d6 Nd3 28. Rd1 Nf4 29. Red2 Ne6 30. Nd4 Kf7 31. g3 Nxd4 32. Rxd4 Rxd4 33. Rxd4 Ke6 34. Ra4 Kxe5 35. Rxa7 Rxd6 36. Rxh7 Ra6 37. Rg7 Ke4 38. Kg2 Rxa2+ 39. Kh3 Ra6 40. Kh4 f4 41. gxf4 Kxf4 42. Kh3 g5 43. Rf7+ Ke4 44. Kg4 Rh6 45. Rg7 Rxh2 46. Kxg5 Rg2+ 47. Kf6 Rxg7 48. Kxg7 1/2-1/2

[Event "Titled Tuesday intern op 25th Oct Early"]
[Site "Chess.com INT"]
[Date "2022.10.25"]
[Round "4"]
[White "Iliaguev, Nisim"]
[Black "Grunberg, Mihai Lucian"]
[Result "1-0"]
[WhiteElo "2364"]
[BlackElo "2403"]
[PlyCount "85"]
[EventDate "2022.10.25"]
[EventType "swiss (blitz)"]
[EventRounds "11"]
[EventCountry "USA"]
[SourceTitle "EXT 2024"]
[Source "ChessBase"]
[SourceDate "2023.10.10"]
[SourceVersion "1"]
[SourceVersionDate "2023.10.10"]
[SourceQuality "1"]

1. d4 f5 2. Nf3 Nf6 3. g3 g6 4. Bg2 Bg7 5. 0-0 0-0 6. c4 d6 7. d5 c6 8. Nc3 e5 9. dxe6 Bxe6 10. Ng5 Bxc4 11. b3 Bf7 12. Nxf7 Rxf7 13. Bb2 d5 14. b4 Ne4 15. Qc2 Qf6 16. Na4 Qe7 17. Bxg7 Kxg7 18. a3 Nd7 19. Rab1 Nb6 20. Nc5 Nxc5 21. bxc5 Nc4 22. Qc3+ Qf6 23. Qd3 b6 24. cxb6 axb6 25. Rb3 Rfa7 26. h4 Rxa3 27. Rxa3 Rxa3 28. Qc2 Qc3 29. Qd1 Ra2 30. e3 b5 31. Qb1 Rb2 32. Qa1 Qa3 33. Qc1 b4 34. e4 Qc3 35. Qf4 Qe5 36. Qg5 fxe4 37. Qd8 Nd2 38. Ra1 Rb1+ 39. Rxb1 Nxb1 40. Qd7+ Kh6 41. g4 e3 42. g5+ Kh5 43. Bf3+ 1-0

[Event "Titled Tuesday intern op 25th Oct Early"]
[Site "Chess.com INT"]
[Date "2022.10.25"]
[Round "2"]
[White "Jimenez Fernandez, Rebeca"]
[Black "Grunberg, Mihai Lucian"]
[Result "0-1"]
[WhiteElo "2025"]
[BlackElo "2403"]
[PlyCount "90"]
[EventDate "2022.10.25"]
[EventType "swiss (blitz)"]
[EventRounds "11"]
[EventCountry "USA"]
[SourceTitle "EXT 2024"]
[Source "ChessBase"]
[SourceDate "2023.10.10"]
[SourceVersion "1"]
[SourceVersionDate "2023.10.10"]
[SourceQuality "1"]

1. e4 g6 2. d4 Bg7 3. Nc3 d6 4. Be3 a6 5. Qd2 b5 6. f3 Nd7 7. h4 h5 8. Nh3 Bb7 9. Ng5 Ngf6 10. f4 e5 11. f5 Ng4 12. fxg6 fxg6 13. Ne6 Qe7 14. Nxc7+ Kd8 15. Bg5 Bf6 16. Nxa8 exd4 17. Ne2 Bxa8 18. 0-0-0 Bxe4 19. Nxd4 Bxg5 20. hxg5 Nde5 21. Bd3 Bxd3 22. cxd3 Kd7 23. Rhe1 Rf8 24. Kb1 Rf2 25. Qa5 Qxg5 26. Qxa6 Ne3 27. Qa7+ Ke8 28. Qb8+ Kf7 29. Qc7+ Kg8 30. Rc1 Qxg2 31. Qd8+ Rf8 32. Qxd6 Nxd3 33. Qe6+ Kh8 34. Nc2 Nxe1 35. Nxe3 Qg3 36. Nc2 Nd3 37. Rd1 Qe5 38. Qxe5+ Nxe5 39. Rd5 Rf1+ 40. Ne1 Rxe1+ 41. Kc2 h4 42. Rxb5 g5 43. Rb4 g4 44. a4 h3 45. a5 h2 0-1

[Event "Titled Tuesday intern op 04th Oct Early"]
[Site "Chess.com INT"]
[Date "2022.10.04"]
[Round "4"]
[White "Alexikov, Alexander"]
[Black "Grunberg, Mihai Lucian"]
[Result "1-0"]
[WhiteElo "2223"]
[BlackElo "2403"]
[PlyCount "71"]
[EventDate "2022.10.04"]
[EventType "swiss (blitz)"]
[EventRounds "11"]
[EventCountry "USA"]
[SourceTitle "EXT 2023"]
[Source "ChessBase"]
[SourceDate "2022.10.05"]
[SourceVersion "1"]
[SourceVersionDate "2022.10.05"]
[SourceQuality "1"]

1. e4 Nf6 2. e5 Nd5 3. d4 d6 4. Nf3 dxe5 5. Nxe5 c6 6. Be2 Bf5 7. 0-0 Nd7 8. Nc4 e6 9. Re1 Qc7 10. c3 Be7 11. Nbd2 b5 12. Ne3 Nxe3 13. fxe3 Nf6 14. Bf3 Bg6 15. a4 Rd8 16. axb5 cxb5 17. Qe2 Qb6 18. Kh1 0-0 19. e4 a5 20. e5 Nd5 21. Ne4 b4 22. c4 Nc7 23. Be3 Qa6 24. b3 h6 25. g3 Bxe4 26. Bxe4 f5 27. Bg2 Bg5 28. Bg1 f4 29. Be4 fxg3 30. hxg3 Ne8 31. Qh5 Bd2 32. Rf1 Qa7 33. Qg6 Rf7 34. Qxe6 Rdd7 35. Qg6 Kf8 36. e6 1-0